01088cam a22002411 4500001001300000003000400013005001700017008004100034010001700075035001900092040004500111042001200156050001900168100003500187245029900222260006000521300008300581490008100664504003200745650002500777650002700802999001700829gs 31000203 DLC20260227111336.0780301s1930 xx 000 0 eng c ags 31000203  a(OCoLC)3681255 aLibrary, U.S. Geological SurveycOTdDLC apremarc00aTN872.K4bJ3851 aJillson, Willard Rouse,d1890-10aOil and gas in western Kentucky;ba summary statement of drilling exploration and production coupled with the presentation of 494 new well records within 23 counties in the western part of the commonwealth.cBy Willard Rouse Jillson. Illustrated with forty-five photographs, maps, and diagrams. aFrankfort, Ky.,bThe Kentucky Geological survey,c1930. a6 p. l., 632 p. incl. illus., tables, diagrs.bfront. (map) fold. tab.c24 cm.0 aThe Kentucky Geological survey [1920- ] Ser. VI [Geologic reports]vv. 39 aBibliography: p. [619]-627. 0aPetroleumzKentucky. 0aNatural gaszKentucky. c26896d26896